00849cam a2200157 i 4500020002200000082002200022245011700044260015100161300002700312505017500339526003700514650000800551650004200559650005200601710003800653 a0309025745 (v. 1)00a625.8a625.8bNAT10aSkidding accidents :bproceedings of a conference conducted by the Transportation Research Board, May 2-6, 1977. aWashington :bTransportation Research Board, Commission on Sociotechnical Systems, National Research Council, National Academy of Sciences,c1976. a4 v. :bill. ;c24 cm.0 a[1] Tires, vehicles, and vehicle components.--[2] Pavement characteristics.--[3] Wet-weather accident experience, human factors, and legal aspects.--[4] Ancillary papers. a0b0c0d625_800000000000000_NAT 0aMCE 0aMotor vehiclesxSkiddingxCongresses. 0aPavementsxDesign and constructionxCongresses.2 aNational Research Council (U.S.).